[Event "Locri op 3rd"]
[Site "Locri"]
[Date "2015.07.15"]
[Round "4"]
[White "Romeo, Giovanni M"]
[Black "Strangio, Giuseppe"]
[Result "1-0"]
[WhiteElo "1479"]
[BlackElo "1468"]
[PlyCount "63"]
[EventDate "2015.07.13"]
[EventType "swiss"]
[EventRounds "9"]
[EventCountry "ITA"]
[SourceTitle "EXT 2024"]
[Source "ChessBase"]
[SourceDate "2023.10.10"]
[SourceVersion "1"]
[SourceVersionDate "2023.10.10"]
[SourceQuality "1"]

1. e4 c5 2. Nf3 Nc6 3. d4 cxd4 4. Nxd4 Nf6 5. Nc3 e5 6. Nxc6 bxc6 7. Bg5 Be7 8. Bxf6 Bxf6 9. Bc4 0-0 10. Qe2 Qb6 11. 0-0-0 Bg5+ 12. Kb1 Rb8 13. Bb3 a5 14. Na4 Qa7 15. h4 Be7 16. g4 Rd8 17. g5 g6 18. Qf3 Rf8 19. Rdg1 Kh8 20. h5 d6 21. hxg6 fxg6 22. Bf7 Be6 23. Rh6 Rxf7 24. Qh1 Qxf2 25. Rxg6 Bc4 26. Rc1 Be2 27. Nc3 Qb6 28. b3 Ba6 29. Qh5 Rg8 30. Rh6 Kg7 31. Rxh7+ Kf8 32. Qxf7# 1-0

[Event "Locri op 3rd"]
[Site "Locri"]
[Date "2015.07.13"]
[Round "1"]
[White "Familari, Giuseppe"]
[Black "Romeo, Giovanni M"]
[Result "1-0"]
[WhiteElo "1973"]
[BlackElo "1479"]
[PlyCount "83"]
[EventDate "2015.07.13"]
[EventType "swiss"]
[EventRounds "9"]
[EventCountry "ITA"]
[SourceTitle "EXT 2024"]
[Source "ChessBase"]
[SourceDate "2023.10.10"]
[SourceVersion "1"]
[SourceVersionDate "2023.10.10"]
[SourceQuality "1"]

1. e4 e5 2. Nf3 Nc6 3. Bc4 Nf6 4. d3 Be7 5. c3 d6 6. Nbd2 Na5 7. 0-0 Nxc4 8. Nxc4 Bg4 9. Ne3 0-0 10. a4 Re8 11. h3 Bd7 12. Qc2 Bf8 13. Re1 g6 14. Nf1 Nh5 15. Bg5 Qc8 16. a5 a6 17. Rad1 Bg7 18. Qd2 f5 19. Ng3 Nxg3 20. fxg3 c6 21. Nh4 Rf8 22. Be7 Rf7 23. Bxd6 f4 24. gxf4 Rxf4 25. Nf3 Bxh3 26. Bxe5 Rg4 27. Re2 Qe6 28. Bxg7 Kxg7 29. Ng5 Qe5 30. Nxh3 Qg3 31. Qe3 Qe5 32. Qd4 Qxd4+ 33. cxd4 Rd8 34. e5 Rgxd4 35. e6 Re8 36. Rf1 Rxd3 37. Rf7+ Kg8 38. Rxb7 c5 39. Ng5 h6 40. Nh7 c4 41. Nf6+ Kf8 42. Rf7# 1-0